<?xml version="1.0" encoding="UTF-8"?>
<collection xmlns="http://www.loc.gov/MARC21/slim">
 <record>
  <leader>01858aam a22002538a 4500</leader>
  <controlfield tag="001">NCT_147759</controlfield>
  <controlfield tag="008">090513s2009                  ||||||viesd</controlfield>
  <datafield tag="999" ind1=" " ind2=" ">
   <subfield code="c">7613</subfield>
   <subfield code="d">7613</subfield>
  </datafield>
  <datafield tag="020" ind1=" " ind2=" ">
   <subfield code="c">185000</subfield>
  </datafield>
  <datafield tag="082" ind1="0" ind2="4">
   <subfield code="2">23rd ed.</subfield>
   <subfield code="a">671.5</subfield>
   <subfield code="b">Th455/T.2</subfield>
  </datafield>
  <datafield tag="100" ind1="1" ind2=" ">
   <subfield code="a">Ngô Lê Thông</subfield>
  </datafield>
  <datafield tag="245" ind1="1" ind2="0">
   <subfield code="a">Công nghệ hàn điện nóng chảy :</subfield>
   <subfield code="b">Giáo trình cho sinh viên cơ khí thuộc các hệ đào tạo</subfield>
   <subfield code="n">Tập 2</subfield>
   <subfield code="p">Ứng dụng</subfield>
   <subfield code="c">Ngô Lê Thông</subfield>
  </datafield>
  <datafield tag="250" ind1=" " ind2=" ">
   <subfield code="a">In lần thứ 2</subfield>
  </datafield>
  <datafield tag="260" ind1=" " ind2=" ">
   <subfield code="a">H.</subfield>
   <subfield code="b">Khoa học và Kỹ thuật</subfield>
   <subfield code="c">2007</subfield>
  </datafield>
  <datafield tag="300" ind1=" " ind2=" ">
   <subfield code="a">341 tr.</subfield>
   <subfield code="b">bảng, hình vẽ</subfield>
   <subfield code="c">24cm</subfield>
  </datafield>
  <datafield tag="520" ind1="3" ind2=" ">
   <subfield code="a">Nội dung tài liệu giới thiệu các ứng dụng công nghệ hàn điện nóng chảy đối với hầu hết vật liệu kim loại thông dụng như: hàn thép, hàn thép cacbon, thép hợp kim thấp và cao, hàn gang, kim loại màu...</subfield>
  </datafield>
  <datafield tag="653" ind1=" " ind2=" ">
   <subfield code="a">Công nghệ Kỹ thuật Ô tô</subfield>
  </datafield>
  <datafield tag="942" ind1=" " ind2=" ">
   <subfield code="2">ddc</subfield>
   <subfield code="c">BK</subfield>
  </datafield>
  <datafield tag="952" ind1=" " ind2=" ">
   <subfield code="0">0</subfield>
   <subfield code="1">0</subfield>
   <subfield code="2">ddc</subfield>
   <subfield code="4">0</subfield>
   <subfield code="6">671_500000000000000_TH455_T_2</subfield>
   <subfield code="7">0</subfield>
   <subfield code="9">27344</subfield>
   <subfield code="a">000001</subfield>
   <subfield code="b">000001</subfield>
   <subfield code="d">2023-04-06</subfield>
   <subfield code="o">671.5 Th455/T.2</subfield>
   <subfield code="p">MD.21631</subfield>
   <subfield code="r">2023-04-06</subfield>
   <subfield code="v">185000.00</subfield>
   <subfield code="w">2023-04-06</subfield>
   <subfield code="y">BK</subfield>
  </datafield>
  <datafield tag="952" ind1=" " ind2=" ">
   <subfield code="0">0</subfield>
   <subfield code="1">0</subfield>
   <subfield code="2">ddc</subfield>
   <subfield code="4">0</subfield>
   <subfield code="6">671_500000000000000_TH455_T_2</subfield>
   <subfield code="7">0</subfield>
   <subfield code="9">27345</subfield>
   <subfield code="a">000001</subfield>
   <subfield code="b">000001</subfield>
   <subfield code="d">2023-04-06</subfield>
   <subfield code="o">671.5 Th455/T.2</subfield>
   <subfield code="p">MD.21632</subfield>
   <subfield code="r">2023-04-06</subfield>
   <subfield code="v">185000.00</subfield>
   <subfield code="w">2023-04-06</subfield>
   <subfield code="y">BK</subfield>
  </datafield>
  <datafield tag="952" ind1=" " ind2=" ">
   <subfield code="0">0</subfield>
   <subfield code="1">0</subfield>
   <subfield code="2">ddc</subfield>
   <subfield code="4">0</subfield>
   <subfield code="6">671_500000000000000_TH455_T_2</subfield>
   <subfield code="7">0</subfield>
   <subfield code="9">27346</subfield>
   <subfield code="a">000001</subfield>
   <subfield code="b">000001</subfield>
   <subfield code="d">2023-04-06</subfield>
   <subfield code="o">671.5 Th455/T.2</subfield>
   <subfield code="p">MD.21633</subfield>
   <subfield code="r">2023-04-06</subfield>
   <subfield code="v">185000.00</subfield>
   <subfield code="w">2023-04-06</subfield>
   <subfield code="y">BK</subfield>
  </datafield>
  <datafield tag="952" ind1=" " ind2=" ">
   <subfield code="0">0</subfield>
   <subfield code="1">0</subfield>
   <subfield code="2">ddc</subfield>
   <subfield code="4">0</subfield>
   <subfield code="6">671_500000000000000_TH455_T_2</subfield>
   <subfield code="7">0</subfield>
   <subfield code="9">27347</subfield>
   <subfield code="a">000001</subfield>
   <subfield code="b">000001</subfield>
   <subfield code="d">2023-04-06</subfield>
   <subfield code="o">671.5 Th455/T.2</subfield>
   <subfield code="p">MD.21634</subfield>
   <subfield code="r">2023-04-06</subfield>
   <subfield code="v">185000.00</subfield>
   <subfield code="w">2023-04-06</subfield>
   <subfield code="y">BK</subfield>
  </datafield>
  <datafield tag="952" ind1=" " ind2=" ">
   <subfield code="0">0</subfield>
   <subfield code="1">0</subfield>
   <subfield code="2">ddc</subfield>
   <subfield code="4">0</subfield>
   <subfield code="6">671_500000000000000_TH455_T_2</subfield>
   <subfield code="7">0</subfield>
   <subfield code="9">27348</subfield>
   <subfield code="a">000001</subfield>
   <subfield code="b">000001</subfield>
   <subfield code="d">2023-04-06</subfield>
   <subfield code="o">671.5 Th455/T.2</subfield>
   <subfield code="p">MD.21635</subfield>
   <subfield code="r">2023-04-06</subfield>
   <subfield code="v">185000.00</subfield>
   <subfield code="w">2023-04-06</subfield>
   <subfield code="y">BK</subfield>
  </datafield>
  <datafield tag="980" ind1=" " ind2=" ">
   <subfield code="a">Thư viện Trường Đại học Nam Cần Thơ</subfield>
  </datafield>
 </record>
</collection>
